Física y química : enciclopedia interactiva /

Guardado en:
Formato: Libro
Publicado: : Océano, 2000
Materias:
Etiquetas: Agregar Etiqueta
Sin Etiquetas, Sea el primero en etiquetar este registro!
LEADER 00413nam a22001455a 4500
001 CEM.cems010553
005 20060214000000.0
008 130507s2000##################000#0#####d
003 CEMS
082 0 4 |a CD530 
245 0 0 |a Física y química :  |b enciclopedia interactiva / 
260 |a : Océano,  |c 2000 
653 |a Fisica 
653 |a Quimicacd-roms-software 
859 |a CEMS  |b BIB. CEMS - 11 de abril  |h CD530  |p 1780.44  |t Ej.1  |v OC2  |3 OC2